000 00622nam a2200229Ia 4500
003 OSt
005 20221005124556.0
006 a|||||r|||| 00| 0
007 ta
008 221004b |||||||| |||| 00| 0 kan d
024 _a46835
037 _cTextual
040 _aCRL
_cCRL
_bkan
041 _2kan
_akan
082 _aO33,6Nx, J3
100 _aCentral College Mysore, Kannada Students Au.
_9635456
245 0 _aNamma nammavurn
260 _c1953
650 _aKANNAD LITERATURE
942 _hO33,6Nx, J3
_cTEXL
_2cc
999 _c1050900
_d1050900